[Event "Benasque op 44th"]
[Site "Benasque"]
[Date "2025.07.10"]
[Round "7"]
[White "Nurgaliyev, Sauat"]
[Black "Forcen Esteban, Daniel"]
[Result "1/2-1/2"]
[WhiteElo "2404"]
[BlackElo "2551"]
[PlyCount "43"]
[EventDate "2025.07.04"]
[EventType "swiss"]
[EventRounds "10"]
[EventCountry "ESP"]
[SourceTitle "CB29_2025"]
[SourceDate "2025.07.16"]
[SourceVersion "1"]
[SourceVersionDate "2025.07.16"]
[SourceQuality "1"]

1. e4 e5 2. Nf3 d6 3. d4 exd4 4. Nxd4 Nf6 5. Nc3 Be7 6. g3 0-0 7. Bg2 Re8 8. h3 Bf8 9. 0-0 Nbd7 10. Re1 a5 11. Ndb5 Nc5 12. Bg5 Ne6 13. Bxf6 Qxf6 14. e5 Qd8 15. exd6 c6 16. d7 Qxd7 17. Qxd7 Bxd7 18. Rad1 Red8 19. Nd6 Bxd6 20. Rxd6 Be8 21. Ne4 Kf8 22. f4 1/2-1/2

[Event "Benasque op 44th"]
[Site "Benasque"]
[Date "2025.07.09"]
[Round "6"]
[White "Forcen Esteban, Daniel"]
[Black "Castellanos Rodriguez, Renier"]
[Result "1/2-1/2"]
[WhiteElo "2551"]
[BlackElo "2485"]
[PlyCount "49"]
[EventDate "2025.07.04"]
[EventType "swiss"]
[EventRounds "10"]
[EventCountry "ESP"]
[SourceTitle "CB29_2025"]
[SourceDate "2025.07.16"]
[SourceVersion "1"]
[SourceVersionDate "2025.07.16"]
[SourceQuality "1"]

1. d4 Nf6 2. Nf3 e6 3. Bf4 b6 4. e3 Be7 5. h4 Bb7 6. Nbd2 c5 7. c3 0-0 8. Bd3 Ba6 9. Bb1 d6 10. Ne4 Nxe4 11. Bxe4 d5 12. Bc2 Nd7 13. e4 dxe4 14. Bxe4 Nf6 15. Bxa8 Qxa8 16. Qd2 Qe4+ 17. Be3 cxd4 18. Qxd4 Qc2 19. Qd2 Qa4 20. Nd4 Rc8 21. Qc2 Qa5 22. Nb3 Qa4 23. Nd4 Qa5 24. Nb3 Qa4 25. Nd4 1/2-1/2

[Event "Benasque op 44th"]
[Site "Benasque"]
[Date "2025.07.06"]
[Round "3"]
[White "Jimenez Ruano, Adrian"]
[Black "Forcen Esteban, Daniel"]
[Result "0-1"]
[WhiteElo "2223"]
[BlackElo "2551"]
[PlyCount "66"]
[EventDate "2025.07.04"]
[EventType "swiss"]
[EventRounds "10"]
[EventCountry "ESP"]
[SourceTitle "CB29_2025"]
[SourceDate "2025.07.16"]
[SourceVersion "1"]
[SourceVersionDate "2025.07.16"]
[SourceQuality "1"]

1. d4 d6 2. Nf3 g6 3. e4 Bg7 4. Nc3 a6 5. a4 Nd7 6. Bc4 e6 7. Bg5 Ne7 8. Qd2 h6 9. Be3 Nf6 10. Bb3 b6 11. d5 exd5 12. Bxd5 Nfxd5 13. Nxd5 Nxd5 14. exd5 Bxb2 15. 0-0 Bxa1 16. Rxa1 0-0 17. Bxh6 Re8 18. Qd4 f6 19. g4 Re7 20. g5 Rf7 21. Re1 Bf5 22. Re6 Qd7 23. Rxf6 Re8 24. Qc3 Be4 25. h3 Kh7 26. Nh4 Rxf6 27. Qxf6 Qe7 28. Qd4 Qe5 29. Qc4 Qa1+ 30. Kh2 Qh1+ 31. Kg3 Qg1+ 32. Kf4 Qxf2+ 33. Kg4 Bf5+ 0-1

[Event "ESP-chT Rapid"]
[Site "Ubeda"]
[Date "2024.08.25"]
[Round "1.3"]
[White "Forcen Esteban, Daniel"]
[Black "Albaina Alvarez, Alvaro Ignacio"]
[Result "1-0"]
[WhiteElo "2555"]
[BlackElo "2048"]
[PlyCount "59"]
[EventDate "2024.08.25"]
[EventType "team-swiss (rapid)"]
[EventRounds "7"]
[EventCountry "ESP"]
[SourceTitle "CBM 221 Extra"]
[Source "ChessBase"]
[SourceDate "2024.09.30"]
[SourceVersion "1"]
[SourceVersionDate "2024.09.30"]
[SourceQuality "1"]
[WhiteTeam "Jaime Casas"]
[BlackTeam "San Viator"]
[WhiteTeamCountry "ESP"]
[BlackTeamCountry "ESP"]

1. Nf3 Nf6 2. g3 g6 3. Bg2 Bg7 4. 0-0 0-0 5. Re1 d6 6. e4 e5 7. d4 Nc6 8. d5 Ne7 9. c4 Ne8 10. Nc3 f5 11. Ng5 h6 12. Ne6 Bxe6 13. dxe6 c6 14. Qb3 Qc7 15. Rd1 Kh7 16. c5 Rd8 17. cxd6 Rxd6 18. Be3 b6 19. Rac1 Rxd1+ 20. Qxd1 Qd6 21. Qxd6 Nxd6 22. Rd1 Rd8 23. a4 Nb7 24. Rd7 Rxd7 25. exd7 Kg8 26. a5 bxa5 27. Bxa7 Kf7 28. Bb6 Ke6 29. d8Q Nxd8 30. Bxd8 1-0

[Event "ESP-chT CECLUB Div1"]
[Site "Linares"]
[Date "2024.08.23"]
[Round "6.16"]
[White "Forcen Esteban, Daniel"]
[Black "Cruz Lledo, Pablo"]
[Result "1-0"]
[WhiteElo "2555"]
[BlackElo "2399"]
[PlyCount "71"]
[EventDate "2024.08.18"]
[EventType "team-tourn"]
[EventRounds "7"]
[EventCountry "ESP"]
[SourceTitle "CBM 221 Extra"]
[Source "ChessBase"]
[SourceDate "2024.09.30"]
[SourceVersion "1"]
[SourceVersionDate "2024.09.30"]
[SourceQuality "1"]
[WhiteTeam "Jaime Casas De Monzon"]
[BlackTeam "Eva Manises"]
[WhiteTeamCountry "ESP"]
[BlackTeamCountry "ESP"]

1. e4 d6 2. d4 e5 3. Nf3 exd4 4. Nxd4 Nf6 5. Nc3 Be7 6. g3 d5 7. e5 Ng4 8. Bg2 Nxe5 9. Qe2 Nec6 10. Be3 Nxd4 11. Bxd4 0-0 12. Nxd5 Bb4+ 13. Nxb4 Qxd4 14. c3 Qd8 15. 0-0 c6 16. Rad1 Qg5 17. f4 Qc5+ 18. Kh1 Nd7 19. Nd3 Qb5 20. Qc2 Nf6 21. Ne5 Be6 22. c4 Qc5 23. Qe2 Rfe8 24. h3 Nd7 25. Rxd7 Bxd7 26. Nxd7 Rxe2 27. Nxc5 b6 28. Nd3 Rd8 29. Ne5 Rxb2 30. Bxc6 Rdd2 31. Bd5 Rh2+ 32. Kg1 Rxh3 33. Re1 Rxg3+ 34. Kf1 h5 35. Nxf7 h4 36. Ng5+ 1-0

[Event "ESP-ch Rapid"]
[Site "Mengibar"]
[Date "2024.08.17"]
[Round "6"]
[White "Forcen Esteban, Daniel"]
[Black "Merario Alarcon, Andres"]
[Result "1/2-1/2"]
[WhiteElo "2555"]
[BlackElo "2410"]
[PlyCount "85"]
[EventDate "2024.08.17"]
[EventType "swiss (rapid)"]
[EventRounds "10"]
[EventCountry "ESP"]
[SourceTitle "CBM 221 Extra"]
[Source "ChessBase"]
[SourceDate "2024.09.30"]
[SourceVersion "1"]
[SourceVersionDate "2024.09.30"]
[SourceQuality "1"]

1. Nf3 d5 2. g3 Nf6 3. Bg2 e6 4. 0-0 Be7 5. d3 0-0 6. Nbd2 a5 7. e4 a4 8. e5 Nfd7 9. a3 c5 10. Re1 Nc6 11. Nf1 Ra6 12. h4 f6 13. exf6 Nxf6 14. N1h2 Bd6 15. c4 Bd7 16. Bd2 h6 17. Bh3 dxc4 18. dxc4 e5 19. Bxd7 Qxd7 20. Bc3 Qc7 21. Nd2 Nd4 22. Ne4 Nxe4 23. Rxe4 Qf7 24. Bxd4 cxd4 25. Qe2 Rc6 26. Ng4 Rxc4 27. Nxe5 Bxe5 28. Rxe5 d3 29. Qe3 Rc2 30. Rf1 Re2 31. Qd4 Rxe5 32. Qxe5 Rd8 33. Qa5 Qd7 34. Qd2 Re8 35. Rd1 Qd5 36. Qc3 Rd8 37. Rd2 b5 38. Kh2 Kh8 39. Kg1 Qe4 40. Kh2 Qd5 41. Kg1 Qe4 42. Kh2 Qd5 43. Kg1 1/2-1/2

[Event "ESP-ch Rapid"]
[Site "Mengibar"]
[Date "2024.08.17"]
[Round "3"]
[White "Ruiz Buendia, Miguel"]
[Black "Forcen Esteban, Daniel"]
[Result "1/2-1/2"]
[WhiteElo "2286"]
[BlackElo "2555"]
[PlyCount "104"]
[EventDate "2024.08.17"]
[EventType "swiss (rapid)"]
[EventRounds "10"]
[EventCountry "ESP"]
[SourceTitle "CBM 221 Extra"]
[Source "ChessBase"]
[SourceDate "2024.09.30"]
[SourceVersion "1"]
[SourceVersionDate "2024.09.30"]
[SourceQuality "1"]

1. e4 e5 2. Nf3 Qe7 3. Bc4 d6 4. 0-0 g6 5. c3 Bg7 6. d4 Nf6 7. Re1 0-0 8. h3 c6 9. dxe5 dxe5 10. a4 Nh5 11. Bg5 Bf6 12. Be3 Nd7 13. a5 Nc5 14. Nbd2 Rd8 15. Qc2 Ne6 16. Rad1 Qc7 17. b4 b6 18. axb6 axb6 19. Bf1 b5 20. Nb3 Rxd1 21. Rxd1 Be7 22. Ra1 Rxa1 23. Nxa1 Bd7 24. Nb3 Nf6 25. Ng5 Nf4 26. c4 h6 27. Nf3 bxc4 28. Qxc4 Be6 29. Qc3 Nxe4 30. Qxe5 Qxe5 31. Nxe5 Bxb3 32. Bxf4 Bxb4 33. Nxc6 Bc5 34. Be3 Bxe3 35. fxe3 Ng3 36. Nd4 Bd5 37. Bd3 h5 38. h4 Kg7 39. Kf2 Ne4+ 40. Bxe4 Bxe4 41. g3 Kf6 42. Ke2 Ke5 43. Kf2 Bd5 44. Ke2 Ke4 45. Kf2 f6 46. Ke2 g5 47. hxg5 fxg5 48. Kf2 h4 49. gxh4 gxh4 50. Nf3 Kf5 51. Nxh4+ Kg5 52. Kg3 Be4 1/2-1/2

[Event "Benasque op 43rd"]
[Site "Benasque"]
[Date "2024.07.06"]
[Round "2"]
[White "Amirkul, Alimzhan"]
[Black "Forcen Esteban, Daniel"]
[Result "1-0"]
[WhiteElo "2043"]
[BlackElo "2567"]
[PlyCount "123"]
[EventDate "2024.07.05"]
[EventType "swiss"]
[EventRounds "10"]
[EventCountry "ESP"]
[SourceTitle "CBM 221 Extra"]
[Source "ChessBase"]
[SourceDate "2024.09.30"]
[SourceVersion "1"]
[SourceVersionDate "2024.09.30"]
[SourceQuality "1"]

1. e4 c5 2. Nf3 e6 3. d4 cxd4 4. Nxd4 Nf6 5. Nc3 Nc6 6. Be2 Be7 7. 0-0 d6 8. Be3 0-0 9. a4 Bd7 10. Ndb5 Qb8 11. Qd2 Rd8 12. Rfd1 Be8 13. Bf4 Ne5 14. a5 a6 15. Na3 Bc6 16. Qd4 Qc7 17. Nc4 Nxc4 18. Qxc4 Rac8 19. Be3 Qb8 20. Qb4 Bf8 21. Bb6 Re8 22. Qd4 Nd7 23. Na4 Nc5 24. Nxc5 dxc5 25. Qe3 Qe5 26. Bf3 Qxb2 27. c3 Qb3 28. Be2 e5 29. h3 Rb8 30. Rab1 Qe6 31. Bg4 Qe7 32. Be2 Qh4 33. f3 f5 34. Bc4+ Kh8 35. Bd5 Rbc8 36. exf5 e4 37. f4 Bd6 38. g3 Qe7 39. c4 Bd7 40. Bxb7 Rb8 41. Qxe4 Qf6 42. Qd5 Bxf5 43. Qxd6 Qxd6 44. Rxd6 Bxb1 45. Bxa6 Re1+ 46. Kf2 Rbe8 47. Rd2 Rh1 48. Rd8 Rh2+ 49. Kf3 Be4+ 50. Kg4 Rxd8 51. Bxd8 Rc2 52. Bb6 Ra2 53. Bb5 Bb7 54. Kf5 Ra3 55. g4 Rxh3 56. Bxc5 Bc8+ 57. Ke5 Bxg4 58. a6 Bf3 59. Kd6 Rh1 60. a7 Ra1 61. Bc6 Ra6 62. Bb6 1-0